Normal view
MARC view
- PRIVACY RIGHT. DATA PROTECTION. COMPUTER SECURITY
Entry Topical Term
001 - CONTROL NUMBER
- control field: 60301
003 - CONTROL NUMBER IDENTIFIER
- control field: NUST
005 - DATE AND TIME OF LATEST TRANSACTION
- control field: 20210628202523.0
008 - FIXED-LENGTH DATA ELEMENTS
- fixed length control field: 210628|| aca||aabn | a|a d
040 ## - CATALOGING SOURCE
- Original cataloging agency: NUST
- Transcribing agency: NUST
150 ## - HEADING--TOPICAL TERM
- Topical term or geographic name entry element: PRIVACY RIGHT. DATA PROTECTION. COMPUTER SECURITY
670 ## - SOURCE DATA FOUND
- Source citation: Work cat.: (NUST): Pfleeger, Charles . P ,Pfleeger , Shari. Lawrence 60300, Security in computing, 2003
